Nosáčiky (Coleoptera: Curculionidae) na vybraných lokalitách okolia Levíc

Podrobná bibliografia
Hlavný autor: Cunev, Jozef, 1943- (Autor)
Médium: Článok
Jazyk:slovenčina
Fyzický popis:Obr. tab.
ISBN:8088831059
Predmet:

MARC

LEADER 00000nab a2200000 a 4500
001 vtls008621401
003 SK-MaSNL
005 20260304143955.0
008 250505c2004 xo |r|p|||||||000 b|slo
015 |a SNBRA2006/02  |2 snkbucl 
035 |a (uuid)9be9874a-8080-477d-a588-debbfd7f5311 
035 |a urn:nbn:sk:snk-abd54k 
035 |a (urnnbn)urn:nbn:sk:snk:ar-0076rt 
038 |a SNKBUCL 
040 |a SNKBUCL  |b slo  |c SNKBUCL  |e AACR2 
041 0 |a slo  |b eng 
044 |a xo  |c SK 
080 |a 595.76  |x (437.6)  |2 2001 
100 1 |a Cunev, Jozef,  |d 1943-  |4 aut  |9 27352 
245 1 0 |a Nosáčiky (Coleoptera: Curculionidae) na vybraných lokalitách okolia Levíc  |c Jozef Cunev 
300 |a Obr. tab. 
504 |a Bibliogr. odkazy 
546 |a Res. angl. 
650 0 7 |a nosáčiky  |2 snkbucl  |9 824464 
651 7 |a Levice (Slovensko)  |2 snkbucl  |9 55713 
773 0 |t Zborník Tekovského múzea v Leviciach. Ročník V - 2004  |d Levice: Tekovské múzeum, 2004  |g S. 50-61  |z 8088831059 
850 |a Slovenská národná knižnica 
852 |a Slovenská národná knižnica 
954 |a odborná, vedecká literatúra pôvodná (slovenská)  |2 lita 
958 |a article17 
958 |a OND 
958 |a NB 
958 |a EUIPO 
999 |c 2928624  |d 2930554